Bytový dom

Uložené v:
Podrobná bibliografia
Hlavný autor: Horniaková, Jaroslava (Autor)
Ďalší autori: Vargová, Andrea (Vedúci práce)
Médium: Rukopis Kniha
Jazyk:Slovak
Vydavateľské údaje: 2025
Predmet:
On-line prístup:http://is.stuba.sk/zp/portal_zp.pl?podrobnosti=192312
CRZP
Tagy: Pridať tag
Žiadne tagy, Buďte prvý, kto otaguje tento záznam!

MARC

LEADER 00000ntm a22000003a 4500
001 stuzp104543
003 SK-STU
005 20250724105809.4
007 ta
008 150427s2015----xo-----f-mn---000-0-slo-d
040 |a STU  |b slo 
041 0 |a slo 
100 1 |a Horniaková, Jaroslava  |u 010180  |4 aut  |U SvF Stavebná fakulta  |T SvF Katedra konštrukcií pozemných stavieb  |X 98165  |U V180  |Y 18  |7 98165 
242 0 1 |a Residential house  |y eng 
245 1 0 |a Bytový dom 
260 |c 2025 
650 4 |a Bytový dom  |2 slo 
650 4 |a Realizačný projekt  |2 slo 
650 4 |a Novostavba  |2 slo 
650 4 |a a project for building realization  |2 eng 
650 4 |a apartment house  |2 eng 
650 4 |a new-building  |2 eng 
700 1 |a Vargová, Andrea  |u 010180  |k Z1  |4 ths  |U SvF Stavebná fakulta  |T SvF Katedra konštrukcií pozemných stavieb  |X 618  |U V180  |Y 18  |7 A000000618 
856 4 |u http://is.stuba.sk/zp/portal_zp.pl?podrobnosti=192312 
856 4 |u https://opac.crzp.sk/?fn=detailBiblioForm&sid=C9A1C75A261DD259FC87471E26A3  |z CRZP